00965nam a2200277Ia 450000500170000000800270001702000180004410000340006224500380009625000180013430000250015249000140017758600370019165000350022865000370026365000370030094200150033726400350035233600270038733700330041433800280044704000350047508400110051099900150052195201510053620220317000219.0141031s9999 ck 000 0 spa d a97884663693051 aRoncagliolo, Santiago,d1975-10aAbril rojo cSantiago Roncagliolo a3a. edición a328 páginasc24 cm aNarrativa aPremio Alfaguara de Novela, 2006142LEMBaNovela peruanaySiglo XX142LEMBaAutores peruanosySiglo XX142LEMBaNovela policíaca peruana 2loccBKLIT aMadridbPunto de lecturac2008 atextobtxt2rdacontent asin mediaciónbn2rdamedia avolumenbnc2rdacarrier aCO-BoRNBPbspaerdacCO-BoRNBP aN RON3 c3422d3422 00102ddc40708012aMEGRANADbMEGRANADcLITd2026-03-11eBIBLIOTECA NACIONALl0oN RON3pGRDA05176r2026-03-11 21:44:34tEj.1w2026-03-11yBKLIT